Calciatori e Anno di nascita - Quiz n°23 - Statistics

Statistiche generali
  • Questo quiz è stato fatto 12 volte
  • Il punteggio medio è 5 su 10
Statistiche sulle risposte
Hint Risposta % Corretto
Charles De Ketelaere 2001
100%
Rodrigo de Paul 1994
73%
Joaquín Correa 1994
73%
Marcelo Brozović 1992
55%
Maxwell 1981
45%
Joaquin 1981
45%
Matteo Politano 1993
45%
Arkadiusz Milik 1994
45%
Víctor Ibarbo 1990
36%
Landon Donovan 1982
27%
Nessun quiz corrispondente trovato
Distribuzione punteggi
Percentuale di utenti per punteggio
Percentile per numero di risposta
I tuoi punteggi nel tempo
Non hai fatto questo quiz